[Event "East Lansing (Beg/2/5)"]
[Site "?"]
[Date "1995.??.??"]
[Round "?"]
[White "Charette, B."]
[Black "Kachur, C."]
[Result "1-0"]
[WhiteElo "1605"]
[BlackElo "1605"]
[PlyCount "95"]
[EventDate "1995.??.??"]

{2/(5)} 1. d4 a6 2. e4 b5 3. Nf3 e6 4. Bd3 c5 5. O-O Bb7 6. Nbd2 Nf6 7. c3 Nc6
8. e5 Nd5 9. c4 bxc4 10. Nxc4 Nxd4 11. Nxd4 cxd4 12. Be4 Rc8 13. Qxd4 Bc5 14.
Qd3 Nf4 15. Bxf4 Bxe4 16. Qxe4 O-O 17. Qf3 f6 18. Qg3 Bd4 19. Bh6 Rf7 20. Nd6
Bxe5 21. Nxf7 Bxg3 22. Nxd8 gxh6 23. hxg3 Rxd8 24. Rac1 d5 25. Rc6 Kf7 26. Rxa6
e5 27. Rc1 Kg6 28. b4 d4 29. Rd1 Rd5 30. Kf1 Rb5 31. a3 Rb7 32. f4 Kf5 33. fxe5
fxe5 34. Kf2 Rc7 35. b5 Rc2+ 36. Kf1 Rb2 37. a4 Kg4 38. Rd3 h5 39. Re6 Rb1+ 40.
Kf2 Rb2+ 41. Ke1 Rxg2 42. Rxe5 Rxg3 43. Re4+ Kf5 44. Rxg3 Kxe4 45. Rh3 d3 46.
Rxh5 Ke3 47. Rxh7 d2+ 48. Kd1 1-0

[Event "Ann Arbor (HVA/4/1)"]
[Site "?"]
[Date "1995.??.??"]
[Round "?"]
[White "Cetinel, S."]
[Black "McCarter, Robert"]
[Result "1-0"]
[WhiteElo "2200"]
[BlackElo "1765"]
[PlyCount "83"]
[EventDate "1995.??.??"]

{4/(1)} 1. e4 c5 2. Nf3 d6 3. Bb5+ Bd7 4. Bxd7+ Qxd7 5. O-O e6 6. c3 Nc6 7. d3
g6 8. Re1 Bg7 9. Nbd2 Nge7 10. Nf1 O-O 11. Be3 b5 12. Qd2 Rfc8 13. Rac1 a5 14.
h4 b4 15. h5 bxc3 16. bxc3 Ne5 17. Nxe5 dxe5 18. hxg6 Nxg6 19. Bh6 Bh8 20. Re3
f5 21. exf5 exf5 22. Qc2 Rab8 23. Nd2 Rb7 24. Nc4 Rcb8 25. a3 f4 26. Rh3 Rb3
27. Qa2 Qa4 28. Ra1 Bg7 29. Nd2 c4 30. Nxb3 cxb3 31. Qb2 Qc6 32. Bxg7 Kxg7 33.
a4 Qe6 34. c4 Ne7 35. Re1 Nc6 36. Rh5 Qg4 37. Rhxe5 Nxe5 38. Qxe5+ Kh6 39. Qxb8
f3 40. Qh2+ Kg6 41. Qg3 h5 42. gxf3 1-0

[Event "Ann Arbor (HVA/2/1)"]
[Site "?"]
[Date "1995.??.??"]
[Round "?"]
[White "Cetinel, S."]
[Black "Aldrich, Jeff"]
[Result "1-0"]
[WhiteElo "2200"]
[BlackElo "1900"]
[PlyCount "75"]
[EventDate "1995.??.??"]

{2/(1)} 1. e4 c6 2. d4 d5 3. e5 Bf5 4. Nf3 e6 5. Bd3 Bxd3 6. Qxd3 Ne7 7. Nc3
Ng6 8. O-O c5 9. Ne2 Nc6 10. c3 Be7 11. Bd2 Rc8 12. Rae1 O-O 13. g3 cxd4 14.
Nexd4 Qc7 15. Nxc6 bxc6 16. h4 Rfd8 17. h5 Nf8 18. Qe2 c5 19. Nh2 Qc6 20. Ng4
Nd7 21. f4 c4 22. f5 exf5 23. Rxf5 Qe6 24. Ref1 f6 25. h6 g6 26. Nxf6+ Nxf6 27.
Rxf6 Bxf6 28. Rxf6 Qe8 29. e6 Rc7 30. Qe5 Rb7 31. Be3 d4 32. cxd4 c3 33. bxc3
Qc6 34. e7 Rb1+ 35. Rf1 Rxf1+ 36. Kxf1 Qh1+ 37. Ke2 Qg2+ 38. Bf2 1-0

[Event "East Lansing (Class A/5/7)"]
[Site "?"]
[Date "1995.??.??"]
[Round "?"]
[White "Cerminaro, J."]
[Black "Straub, F."]
[Result "1/2-1/2"]
[WhiteElo "1875"]
[BlackElo "1940"]
[PlyCount "62"]
[EventDate "1995.??.??"]

{5/(7)} 1. c4 Nf6 2. Nc3 g6 3. g3 Bg7 4. Bg2 O-O 5. e4 d6 6. Nge2 Nc6 7. O-O e5
8. d3 Be6 9. Nd5 Bxd5 10. cxd5 Ne7 11. h3 c6 12. dxc6 Nxc6 13. Be3 Qa5 14. d4
Rac8 15. a3 a6 16. b4 Qd8 17. Qd2 Re8 18. d5 Ne7 19. Rac1 Qd7 20. Rxc8 Rxc8 21.
Rc1 Ne8 22. Bg5 f6 23. Be3 Kf7 24. Kh2 f5 25. f3 Bf6 26. h4 Rxc1 27. Qxc1 Qa4
28. Kh3 Qd7 29. Kh2 Qa4 30. Bf1 Qd7 31. Bh3 Qd8 1/2-1/2

[Event "East Lansing (Class A/4/11)"]
[Site "?"]
[Date "1995.??.??"]
[Round "?"]
[White "Cerminaro, J."]
[Black "Spooner, Frank"]
[Result "1-0"]
[WhiteElo "1875"]
[BlackElo "1865"]
[PlyCount "53"]
[EventDate "1995.??.??"]

{4/(11)} 1. c4 Nf6 2. Nc3 e6 3. e4 c5 4. e5 Ng8 5. Nf3 Nc6 6. d4 cxd4 7. Nxd4
a6 8. Nxc6 bxc6 9. Be2 Bb4 10. Bd2 Be7 11. O-O d5 12. exd6 Bxd6 13. Qc2 Nf6 14.
Rad1 Qc7 15. g3 Bb7 16. Bf3 O-O 17. Ne4 Be7 18. Bc3 Ne8 19. Qe2 f5 20. Nd2 Kf7
21. Rfe1 Qc8 22. Nb3 Nf6 23. Nd4 Ne4 24. Bxe4 fxe4 25. Qxe4 c5 26. Qxe6+ Qxe6
27. Nxe6 1-0

[Event "East Lansing (Class A/2/9)"]
[Site "?"]
[Date "1995.??.??"]
[Round "?"]
[White "Cerminaro, J."]
[Black "Skidmore, Mike"]
[Result "0-1"]
[WhiteElo "1875"]
[BlackElo "1945"]
[PlyCount "44"]
[EventDate "1995.??.??"]

{2/(9)} 1. c4 c6 2. Nc3 d5 3. cxd5 cxd5 4. d4 Nf6 5. Nf3 g6 6. Bf4 Bd7 7. Ne5
Bg7 8. Qb3 Qb6 9. Nxd5 Nxd5 10. Qxd5 Be6 11. Qe4 O-O 12. b3 Bf5 13. Qe3 Rd8 14.
Rd1 Na6 15. a3 Bc2 16. Rd2 Bxb3 17. Rb2 Qa5+ 18. Qd2 Qxa3 19. Qc3 Qa1+ 20. Kd2
Rac8 21. Qxb3 Qc1+ 22. Kd3 Nc5# 0-1

[Event "Grand Rapids (MI Am/1/17)"]
[Site "?"]
[Date "1995.??.??"]
[Round "?"]
[White "Cebula, M."]
[Black "Roberts, Kenneth"]
[Result "0-1"]
[WhiteElo "1605"]
[BlackElo "1810"]
[PlyCount "36"]
[EventDate "1995.??.??"]

{1/(17)} 1. e4 e6 2. Nc3 d5 3. d3 c5 4. Nf3 Nc6 5. Be3 d4 6. Bg5 f6 7. Bh4 dxc3
8. bxc3 e5 9. d4 Qa5 10. Qd2 cxd4 11. cxd4 Bb4 12. c3 Bxc3 13. Qxc3 Qxc3+ 14.
Nd2 Qxa1+ 15. Ke2 Nxd4+ 16. Kd3 Be6 17. f3 Rc8 18. Bg3 Qc3# 0-1

[Event "Detroit (MI Team/3/4/4)"]
[Site "?"]
[Date "1995.??.??"]
[Round "?"]
[White "Castro, A."]
[Black "McFolley, John"]
[Result "0-1"]
[WhiteElo "1605"]
[BlackElo "1605"]
[PlyCount "78"]
[EventDate "1995.??.??"]

{3/4} 1. e4 e5 2. Nf3 d6 3. g3 Bg4 4. Bg2 Nc6 5. O-O Nd4 6. a3 Qf6 7. d3 Nxf3+
8. Bxf3 Bxf3 9. Qe1 Qe6 10. Nd2 Bg4 11. f3 Bh3 12. Rf2 d5 13. g4 Bc5 14. b4
Bxf2+ 15. Qxf2 Nf6 16. Qg3 Bxg4 17. fxg4 Qxg4 18. Qxg4 Nxg4 19. Nf3 dxe4 20.
dxe4 O-O-O 21. h3 Rd1+ 22. Kg2 Ne3+ 23. Kf2 Nxc2 24. Ke2 Rhd8 25. Rb1 Nxa3 26.
Ra1 Nc2 27. Rxa7 Kb8 28. Ra5 Rxc1 29. Nxe5 Nd4+ 30. Kd2 Nb3+ 31. Ke3 Nxa5 32.
bxa5 f5 33. exf5 Re1+ 34. Kf4 Rd4+ 35. Kg5 Rxe5 36. h4 h6+ 37. Kg6 Rd6+ 38.
Kxg7 Re7+ 39. Kg8 Rd8# 0-1

[Event "Detroit (WCO/4/13)"]
[Site "?"]
[Date "1995.??.??"]
[Round "?"]
[White "Castro, A."]
[Black "Luckett, A."]
[Result "0-1"]
[WhiteElo "1605"]
[BlackElo "1605"]
[PlyCount "48"]
[EventDate "1995.??.??"]

{4/(13)} 1. e4 c5 2. Nc3 Nc6 3. Bb5 a6 4. Bxc6 dxc6 5. d3 b5 6. b3 Qa5 7. Bb2
b4 8. Qd2 bxc3 9. Bxc3 Qb6 10. b4 cxb4 11. Bxb4 g6 12. Rb1 Bh6 13. Qc3 Nf6 14.
Qc5 Qxc5 15. Bxc5 Be6 16. c4 Nd7 17. Bd4 f6 18. Nf3 O-O 19. e5 c5 20. Bc3 Rab8
21. O-O fxe5 22. Nxe5 Nxe5 23. Bxe5 Rxb1 24. Rxb1 Bf5 {[Remainder illegible;
0-1, 30?]} 0-1

[Event "Detroit (MI Team/4/4/4)"]
[Site "?"]
[Date "1995.??.??"]
[Round "?"]
[White "Castro, A."]
[Black "Herron, D."]
[Result "0-1"]
[WhiteElo "1605"]
[BlackElo "1605"]
[PlyCount "72"]
[EventDate "1995.??.??"]

{4/4} 1. e4 e5 2. Nf3 Nc6 3. d4 exd4 4. Nxd4 Nxd4 5. Qxd4 d6 6. c4 c5 7. Qe3
Bg4 8. Bd3 Nf6 9. Nc3 Be7 10. O-O O-O 11. b3 Re8 12. Bb2 Nh5 13. Qe1 Nf4 14.
Qd2 Bg5 15. f3 Nh3+ 16. Kh1 Bxd2 17. Nd5 Be6 18. gxh3 Bxd5 19. cxd5 Be3 20.
Rfd1 Bd4 21. Bxd4 cxd4 22. Rg1 Qf6 23. Raf1 Re5 24. f4 Rh5 25. Rg3 Kh8 26. a4
Rh4 27. b4 Rxf4 28. Rfg1 g6 29. b5 Rf3 30. R3g2 Rxd3 31. a5 Qf3 32. h4 Rc8 33.
h3 Rc2 34. Kh2 Rdd2 35. e5 Rxg2+ 36. Kh1 Rh2# 0-1

[Event "Detroit (WCO/2/15)"]
[Site "?"]
[Date "1995.??.??"]
[Round "?"]
[White "Castro, A."]
[Black "Ford, D."]
[Result "0-1"]
[WhiteElo "1605"]
[BlackElo "1605"]
[PlyCount "92"]
[EventDate "1995.??.??"]

{2/(15)} 1. e4 e5 2. Nf3 Nc6 3. Bb5 Nf6 4. Nc3 Bc5 5. d3 h6 6. Qe2 Nd4 7. Qd2
Nxf3+ 8. gxf3 c6 9. Bc4 d5 10. exd5 cxd5 11. Bb3 Qd7 12. Ba4 O-O 13. Bxd7 Bxd7
14. Rg1 g5 15. Qe2 Nh7 16. Qxe5 Rae8 17. f4 Rxe5+ 18. fxe5 Re8 19. Ne2 Rxe5 20.
d4 Bxd4 21. c3 Bb6 22. Kd1 Bxf2 23. Rf1 Be3 24. Bd2 Bxd2 25. Kxd2 Bg4 26. Nd4
f5 27. Rfe1 Re4 28. Rxe4 dxe4 29. Rf1 f4 30. a4 Bh3 31. Re1 Nf6 32. b4 g4 33.
b5 f3 34. Ke3 Nd5+ 35. Kxe4 f2 36. Rd1 Nxc3+ 37. Ke3 Nxd1+ 38. Ke2 f1=Q+ 39.
Kd2 Qf2+ 40. Kxd1 Qxd4+ 41. Kc2 Qf2+ 42. Kb3 Qxh2 43. a5 Bf1 44. b6 a6 45. Kb4
g3 46. Kc5 g2 0-1

[Event "Eastpointe (EDO/5/4)"]
[Site "?"]
[Date "1995.??.??"]
[Round "?"]
[White "Carvell, John"]
[Black "Williams, Ron"]
[Result "0-1"]
[WhiteElo "1605"]
[BlackElo "1920"]
[PlyCount "110"]
[EventDate "1995.??.??"]

{5/(4)} 1. e4 c5 2. Nf3 Nc6 3. d4 cxd4 4. Nxd4 e6 5. Nc3 a6 6. Be3 Nge7 7. Be2
Nxd4 8. Qxd4 Nc6 9. Qd2 Bb4 10. a3 Be7 11. O-O O-O 12. f4 d6 13. Rad1 Qc7 14.
f5 f6 15. fxe6 Bxe6 16. Nd5 Bxd5 17. exd5 Ne5 18. Rc1 b5 19. b3 Rfc8 20. c4
bxc4 21. bxc4 Qd7 22. h3 Qd8 23. Rc3 Qa5 24. Rb1 Rab8 25. Rxb8 Rxb8 26. Qc2 Rc8
27. Kf2 g6 28. Bd2 Qb6+ 29. Be3 Qc7 30. Ke1 Qa5 31. Kf2 Kf7 32. Kf1 Bd8 33. Bd4
Bb6 34. Bxb6 Qxb6 35. Qc1 Kg7 36. Qc2 Qd4 37. Qc1 f5 38. Qe3 Qc5 39. Qxc5 Rxc5
40. Kf2 f4 41. g3 fxg3+ 42. Kxg3 g5 43. Rc1 Kg6 44. Kg2 h5 45. Kh2 h4 46. Kg2
Ra5 47. Rc3 Kf5 48. Kh2 Ke4 49. Rb3 Kd4 50. Kg2 Kc5 51. Rc3 Ra4 52. Kf2 Nxc4
53. Kf3 Kxd5 54. Bxc4+ Rxc4 55. Rxc4 Kxc4 0-1

[Event "Eastpointe (MCO/1/6)"]
[Site "?"]
[Date "1995.??.??"]
[Round "?"]
[White "Carvell, John"]
[Black "Everett, Morgan"]
[Result "0-1"]
[WhiteElo "1610"]
[BlackElo "2140"]
[PlyCount "58"]
[EventDate "1995.??.??"]

{1/(6)} 1. e4 e5 2. Nf3 Nc6 3. Bb5 a6 4. Ba4 d6 5. O-O Nge7 6. c3 Bd7 7. d4 Ng6
8. Bxc6 Bxc6 9. d5 Bd7 10. Be3 Be7 11. Nbd2 O-O 12. c4 f5 13. exf5 Bxf5 14. b4
Nh4 15. Nxh4 Bxh4 16. Qb3 Qe8 17. c5 Qg6 18. g3 Bc2 19. Qb2 Bd3 20. Rfc1 Bg5
21. Bxg5 Qxg5 22. Nf1 Be4 23. Ne3 Qh5 24. g4 Qh3 25. Qe2 Rf4 26. Rc4 Raf8 27.
Rf1 Bf3 28. Qd3 e4 29. Qc2 Rxg4+ 0-1

[Event "Eastpointe (MCO/3/33)"]
[Site "?"]
[Date "1995.??.??"]
[Round "?"]
[White "Carvell, John"]
[Black "DeBlasio, N."]
[Result "1-0"]
[WhiteElo "1610"]
[BlackElo "1605"]
[PlyCount "119"]
[EventDate "1995.??.??"]

{3/(33)} 1. e4 Nf6 2. e5 Ne4 3. d4 e6 4. Bd3 d5 5. Qg4 f5 6. Qe2 Nc6 7. Nf3 a6
8. O-O Nb4 9. c4 Nxd3 10. Qxd3 Be7 11. cxd5 exd5 12. Nc3 Bd7 13. a4 Be6 14. Rb1
c5 15. Be3 b6 16. Nd2 Nxd2 17. Qxd2 O-O 18. f4 Ra7 19. Qc1 c4 20. b3 Rc7 21.
bxc4 Rxc4 22. Qb2 Bf7 23. Na2 Be8 24. Qxb6 Qxb6 25. Rxb6 Bxa4 26. Rxa6 Bb5 27.
Ra7 Re8 28. Rc1 Rxc1+ 29. Bxc1 Kf8 30. Nc3 Bc4 31. Ba3 Bxa3 32. Rxa3 Rd8 33.
Ra7 Re8 34. Rc7 Re7 35. Rc5 Rd7 36. Kf2 Rd8 37. Kf3 Ke7 38. g4 g6 39. gxf5 gxf5
40. Rc7+ Rd7 41. Rc5 Kd8 42. Nd1 Bd3 43. Ne3 Be4+ 44. Ke2 Rc7 45. Nxd5 Rxc5 46.
dxc5 Bxd5 47. Kd3 Kd7 48. Kd4 Ke6 49. Ke3 Be4 50. Kd4 Kf7 51. Ke3 Kg6 52. Kf2
Kh5 53. Kg3 h6 54. e6 Kg6 55. Kh4 Bf3 56. Kg3 Bd5 57. e7 Kf7 58. Kh4 Bf3 59.
Kg3 Be2 60. Kf2 {1-0, time.} 1-0

[Event "East Lansing (Class C/5/1)"]
[Site "?"]
[Date "1995.??.??"]
[Round "?"]
[White "Carroll, R."]
[Black "al-Shareef, Robert"]
[Result "0-1"]
[WhiteElo "1605"]
[BlackElo "1605"]
[PlyCount "30"]
[EventDate "1995.??.??"]

{5/(1)} 1. b3 g6 2. Bb2 Nf6 3. c4 Bg7 4. Nf3 c5 5. e3 O-O 6. Bd3 Nc6 7. Qc2 Nb4
8. Qd1 Nxd3+ 9. Kf1 Nxb2 10. Qc2 d5 11. Qxb2 dxc4 12. bxc4 Qd3+ 13. Ke1 Ne4 14.
Nc3 Nxc3 15. Qb3 Qe2# 0-1

[Event "East Lansing (MOR/5/29)"]
[Site "?"]
[Date "1995.??.??"]
[Round "?"]
[White "Carroll, R."]
[Black "Woods, O."]
[Result "1-0"]
[WhiteElo "1605"]
[BlackElo "1605"]
[PlyCount "47"]
[EventDate "1995.??.??"]

{5/(29)} 1. e4 e5 2. Nf3 Nc6 3. Bc4 Nf6 4. d3 Bc5 5. Nc3 Ng4 6. Bxf7+ Kxf7 7.
Ng5+ Ke8 8. Qxg4 Bxf2+ 9. Kxf2 Rf8+ 10. Ke1 Qf6 11. Nf3 d6 12. Qg3 Be6 13. Rf1
Nb4 14. Bg5 Qf7 15. Kd2 Nxa2 16. Rf2 Nb4 17. Raf1 Qh5 18. Nxe5 Rxf2+ 19. Rxf2
dxe5 20. Qxe5 Kd7 21. Nb5 Rc8 22. Qd4+ Ke8 23. Nxc7+ Rxc7 24. Qd8# 1-0

[Event "Troy (TCC Res/1/19)"]
[Site "?"]
[Date "1995.??.??"]
[Round "?"]
[White "Carroll, R."]
[Black "Williams, C."]
[Result "1-0"]
[WhiteElo "1605"]
[BlackElo "1605"]
[PlyCount "57"]
[EventDate "1995.??.??"]

{1/(19)} 1. e4 c5 2. d4 cxd4 3. c3 dxc3 4. Nxc3 e6 5. Bc4 Nc6 6. Nf3 a6 7. O-O
b5 8. Bb3 d6 9. Re1 Be7 10. Bf4 Bd7 11. Bxd6 Rc8 12. e5 Nh6 13. Ne4 Ng4 14.
Bxe7 Nxe7 15. Nd6+ Kf8 16. Nxc8 Nxc8 17. h3 Nh6 18. Qd2 Nb6 19. Rac1 Nf5 20.
Ng5 Nd5 21. Bxd5 exd5 22. Nxf7 Qa8 23. Ng5 Bc6 24. Qf4 g6 25. g4 Ke7 26. gxf5
gxf5 27. Qxf5 Qg8 28. Qf6+ Kd7 29. Qd6+ 1-0

[Event "East Lansing (MOR/3/9)"]
[Site "?"]
[Date "1995.??.??"]
[Round "?"]
[White "Carroll, R."]
[Black "Rosenberg, Steve"]
[Result "0-1"]
[WhiteElo "1605"]
[BlackElo "1705"]
[PlyCount "126"]
[EventDate "1995.??.??"]

{3/(9)} 1. e4 d5 2. exd5 Qxd5 3. Nc3 Qa5 4. d4 e5 5. dxe5 Qxe5+ 6. Qe2 Qxe2+ 7.
Bxe2 Bb4 8. Bd2 c6 9. a3 Be7 10. Nf3 Bf5 11. Nd4 Bg6 12. Rc1 Bf6 13. Nb3 Nd7
14. O-O Ne7 15. Rfe1 O-O 16. h4 Bxh4 17. Bd3 Bxd3 18. cxd3 Ng6 19. g3 Bf6 20.
Kh1 Nge5 21. Re3 Ng4 22. Kg2 Nxe3+ 23. Bxe3 Ne5 24. Nc5 b6 25. N5e4 Nxd3 26.
Nxf6+ gxf6 27. Rh1 Rfe8 28. Bd4 Ne1+ 29. Kf1 Nf3 30. Be3 Rad8 31. Kg2 Ng5 32.
Ne2 Ne6 33. g4 c5 34. Ng3 Ng7 35. Kf3 Rd3 36. Ne4 Re6 37. g5 fxg5 38. Nxg5 Rg6
39. Ke4 Rxe3+ 40. Kxe3 Rxg5 41. f4 Rg2 42. Rd1 Kf8 43. Ke4 Rxb2 44. Ke5 Ne6 45.
f5 Nd4 46. f6 Re2+ 47. Kf4 Re6 48. Rh1 Rxf6+ 49. Kg5 Rg6+ 50. Kf4 Kg7 51. Ke5
f6+ 52. Kd6 f5+ 53. Kc7 f4 54. Kb7 f3 55. Kxa7 f2 56. Rf1 Rf6 57. a4 Nc2 58.
Ka6 Ne3 59. Rxf2 Rxf2 60. Kxb6 c4 61. a5 c3 62. a6 Rf6+ 63. Kb7 Rxa6 0-1

[Event "East Lansing (Class C/2/3)"]
[Site "?"]
[Date "1995.??.??"]
[Round "?"]
[White "Carroll, R."]
[Black "Quander, K."]
[Result "1-0"]
[WhiteElo "1605"]
[BlackElo "1605"]
[PlyCount "89"]
[EventDate "1995.??.??"]

{2/(3)} 1. e4 e6 2. d4 d5 3. Nc3 Bb4 4. Bd3 c5 5. dxc5 d4 6. a3 Qa5 7. Bb5+
Qxb5 8. axb4 dxc3 9. bxc3 Qc4 10. Qd4 Qxd4 11. cxd4 Nc6 12. c3 Nf6 13. e5 Ne4
14. Ne2 f6 15. f3 Ng5 16. Bxg5 fxg5 17. O-O Bd7 18. Ng3 O-O 19. Ne4 h6 20. Nd6
Rfb8 21. b5 Nd8 22. Ra3 Nf7 23. Rfa1 Nxd6 24. exd6 a6 25. bxa6 Bc6 26. a7 Rf8
27. Kf2 Kf7 28. c4 Ke8 29. Rd1 Kd7 30. Ra5 b6 31. cxb6 Kxd6 32. d5 exd5 33.
cxd5 Bb7 34. g3 Rf5 35. Rd4 h5 36. h3 Rf7 37. Re4 Bxd5 38. Rd4 Rxf3+ 39. Kg2
Raf8 40. Rdxd5+ Ke6 41. Re5+ Kd6 42. Rf5 R3xf5 43. Rxf5 Rxf5 44. a8=Q Rb5 45.
b7 1-0

[Event "East Lansing (MOR/1a/21)"]
[Site "?"]
[Date "1995.??.??"]
[Round "?"]
[White "Carroll, R."]
[Black "Feguer, Mike"]
[Result "1-0"]
[WhiteElo "1605"]
[BlackElo "1605"]
[PlyCount "25"]
[EventDate "1995.??.??"]

1. e4 e5 2. Nf3 Nc6 3. Bc4 Nf6 4. d3 Bc5 5. Bg5 O-O 6. Nc3 d6 7. Nd5 Nd4 8.
Nxf6+ gxf6 9. Bh6 Re8 10. Nxd4 Bxd4 11. Qf3 Kh8 12. Bxf7 Re7 13. Qxf6# 1-0

[Event "Troy (TCC Res/2/4)"]
[Site "?"]
[Date "1995.??.??"]
[Round "?"]
[White "Carroll, R."]
[Black "Coronel, R."]
[Result "1-0"]
[WhiteElo "1605"]
[BlackElo "1745"]
[PlyCount "59"]
[EventDate "1995.??.??"]

{2/(4)} 1. e4 e5 2. Nf3 Nc6 3. Bc4 h6 4. O-O Nf6 5. Nc3 Bc5 6. h3 a6 7. Re1 b5
8. Bb3 Bb7 9. Nxe5 Bxf2+ 10. Kxf2 Nxe5 11. d4 Ng6 12. e5 Nh7 13. Kg1 Qh4 14. d5
O-O-O 15. Re4 Qe7 16. Qd4 d6 17. e6 f5 18. Re2 Ne5 19. a4 c5 20. dxc6 Nxc6 21.
Qd3 Rhf8 22. axb5 axb5 23. Nxb5 Ng5 24. Be3 Nxe6 25. Bb6 Ne5 26. Qc3+ Nc5 27.
Bxd8 Kxd8 28. Rd1 Rf6 29. Qxc5 Nf3+ 30. Kf2 1-0

[Event "Troy (TCC Res/5/9)"]
[Site "?"]
[Date "1995.??.??"]
[Round "?"]
[White "Carroll, R."]
[Black "Ashton, Jeff"]
[Result "0-1"]
[WhiteElo "1605"]
[BlackElo "1615"]
[PlyCount "94"]
[EventDate "1995.??.??"]

{5/(9)} 1. Nf3 d5 2. b3 c5 3. Bb2 Nf6 4. e3 a6 5. c4 Nc6 6. Qc2 d4 7. a3 e5 8.
Bd3 Bd6 9. O-O Qe7 10. exd4 Nxd4 11. Bxd4 cxd4 12. Re1 O-O 13. c5 Bc7 14. Nxe5
Bxe5 15. f4 g6 16. Rxe5 Qc7 17. g3 Rd8 18. b4 Qc6 19. f5 g5 20. Qd1 b6 21. Qf1
Bb7 22. Re2 Qh1+ 23. Kf2 Qxh2+ 24. Ke1 Qxg3+ 25. Kd1 Bf3 26. Kc2 Bxe2 27. Qxe2
Re8 28. Be4 Rxe4 29. Qc4 d3+ 30. Qxd3 Qxd3+ 31. Kxd3 Rd8+ 32. Kc2 Rc4+ 33. Kb3
b5 34. Ra2 Rd3+ 35. Kb2 Ne4 36. Ka1 g4 37. a4 g3 38. axb5 axb5 39. Ra8+ Kg7 40.
Rb8 Rxb4 41. c6 Nxd2 42. c7 Nxb1 43. Rg8+ Kh6 44. Ra8 Nc3 45. Ra6+ Kg7 46. f6+
Kg6 47. c8=Q Rb1# 0-1

[Event "Eastpointe (MCO/1/7)"]
[Site "?"]
[Date "1995.??.??"]
[Round "?"]
[White "Carroll, Deuvoy"]
[Black "Quander, K."]
[Result "1-0"]
[WhiteElo "2130"]
[BlackElo "1605"]
[PlyCount "67"]
[EventDate "1995.??.??"]

{1/(7)} 1. d4 d5 2. Nf3 Nf6 3. c3 Nbd7 4. Bg5 c5 5. e3 c4 6. Nbd2 Qc7 7. Bf4
Qb6 8. Qc2 Ne4 9. Nxe4 dxe4 10. Nd2 Nf6 11. Nxc4 Qd8 12. Ne5 a6 13. Bg5 e6 14.
a4 h6 15. Bh4 Be7 16. Be2 Bd7 17. Bxf6 gxf6 18. Nxd7 Qxd7 19. Qxe4 f5 20. Qf3
Rc8 21. O-O Bd6 22. Bd3 Ke7 23. e4 fxe4 24. Bxe4 b6 25. d5 Qc7 26. dxe6 fxe6
27. g3 h5 28. Rad1 h4 29. Rd3 Rcf8 30. Qe2 hxg3 31. fxg3 Qc5+ 32. Kg2 Bf4 33.
Rxf4 Rxf4 34. gxf4 1-0

[Event "Eastpointe (MCO/3/7)"]
[Site "?"]
[Date "1995.??.??"]
[Round "?"]
[White "Carroll, Deuvoy"]
[Black "Mankiewicz, Ryan"]
[Result "1/2-1/2"]
[WhiteElo "2130"]
[BlackElo "1995"]
[PlyCount "82"]
[EventDate "1995.??.??"]

{3/(7)} 1. d4 d6 2. Nf3 Bg4 3. e4 Nf6 4. Bd3 Nbd7 5. O-O e5 6. c3 Be7 7. Be3
O-O 8. Nbd2 c6 9. h3 Bh5 10. Qc2 Qc7 11. Nh2 Bg6 12. f4 exf4 13. Rxf4 c5 14. d5
Ne5 15. c4 Nfd7 16. Ndf3 Bf6 17. Rd1 Qb6 18. b3 Nxd3 19. Qxd3 Ne5 20. Nxe5 Bxe5
21. Rf3 Bxh2+ 22. Kxh2 Rae8 23. Rf4 Re7 24. Bf2 Rfe8 25. Re1 Qa5 26. a4 Qc7 27.
g4 Re5 28. Bh4 f6 29. Kg2 Qe7 30. Kf3 h6 31. Bg3 Bh7 32. Rf5 Bxf5 33. gxf5 Qf7
34. Bxe5 fxe5 35. Rg1 g5 36. Kf2 Qh5 37. Qg3 Kf7 38. Qg4 Qxg4 39. Rxg4 Rh8 40.
Kf3 Kf6 41. Rg1 a5 1/2-1/2

[Event "East Lansing (Class B/4/1)"]
[Site "?"]
[Date "1995.??.??"]
[Round "?"]
[White "Carr, J."]
[Black "Walquist, Elaine"]
[Result "1/2-1/2"]
[WhiteElo "1725"]
[BlackElo "1745"]
[PlyCount "72"]
[EventDate "1995.??.??"]

{4/(1)} 1. c4 g6 2. Nc3 Bg7 3. d4 Nf6 4. e4 d6 5. Be2 Nbd7 6. f4 e5 7. fxe5
dxe5 8. d5 O-O 9. Nf3 Nc5 10. Qc2 Nh5 11. Be3 Qe7 12. O-O Nd7 13. Nd2 Nhf6 14.
Rf2 Nb6 15. c5 Nbd7 16. Nb5 Nb8 17. Raf1 Na6 18. Bg5 Nxc5 19. Bxf6 Bxf6 20.
Rxf6 a6 21. Nc3 Bf5 22. R6xf5 gxf5 23. Rxf5 f6 24. b4 Nd7 25. Qb3 Kh8 26. a3
Rg8 27. Nd1 Nf8 28. Qh3 Ng6 29. g3 Nf4 30. Qf1 Nxe2+ 31. Qxe2 a5 32. Qf2 axb4
33. Rxf6 bxa3 34. Rf7 Qg5 35. Rf5 Qe7 36. Rf7 Qg5 1/2-1/2

[Event "East Lansing (Class B/2/5)"]
[Site "?"]
[Date "1995.??.??"]
[Round "?"]
[White "Carr, J."]
[Black "Turkalo, A."]
[Result "1-0"]
[WhiteElo "1725"]
[BlackElo "1695"]
[PlyCount "107"]
[EventDate "1995.??.??"]

{2/(5)} 1. c4 c5 2. Nc3 Nc6 3. g3 g6 4. Bg2 Bg7 5. e3 d6 6. Nge2 Nf6 7. O-O Rb8
8. d4 cxd4 9. exd4 O-O 10. Bf4 Bf5 11. d5 Nb4 12. h3 Qc8 13. g4 Bd7 14. a3 Na6
15. Rc1 h5 16. f3 hxg4 17. fxg4 Kh7 18. b3 Qc5+ 19. Kh2 Qxa3 20. Be3 Nc5 21.
Nd4 Qb4 22. Ncb5 Qa5 23. Ra1 Qd8 24. Nxa7 Be8 25. Qe1 Rh8 26. g5 Nh5 27. Rd1
Be5+ 28. Kg1 Kg7 29. b4 Na6 30. Nf3 Bg3 31. Qc3+ f6 32. Bd4 Bd7 33. gxf6+ Nxf6
34. Ng5 Bh4 35. Ne6+ Bxe6 36. dxe6 Qg8 37. Bd5 Nc7 38. Qe3 Ncxd5 39. cxd5 Rh5
40. Rf3 Qh7 41. Qc3 Qh8 42. Rdf1 Qd8 43. Qd3 b5 44. Kh2 Qe8 45. Rg1 Kh7 46. Nc6
Ra8 47. Nxe7 Ra2+ 48. Kh1 Rh6 49. Bxf6 Bxf6 50. Rxf6 Qxe7 51. Rf7+ Qxf7 52.
exf7 Kg7 53. Rf1 Kf8 54. Qe3 1-0

[Event "Flint (MI Senior/4/3)"]
[Site "?"]
[Date "1995.??.??"]
[Round "?"]
[White "Carr, J."]
[Black "Moore, Robert"]
[Result "1-0"]
[WhiteElo "1730"]
[BlackElo "1700"]
[PlyCount "109"]
[EventDate "1995.??.??"]

{4/(3)} 1. c4 Nf6 2. Nc3 d6 3. d4 g6 4. e4 Bg7 5. Be2 O-O 6. Bg5 e5 7. dxe5
dxe5 8. Qxd8 Rxd8 9. Nd5 Nbd7 10. Rd1 Rf8 11. Nxc7 Rb8 12. Bf3 Nc5 13. Bxf6
Bxf6 14. Ne2 Bd8 15. Nd5 Ba5+ 16. b4 Na4 17. bxa5 Nb2 18. Rb1 Nxc4 19. Rb5 Kg7
20. O-O Bd7 21. Rc5 Nb2 22. Nec3 Nd3 23. Rc7 Be6 24. Rb1 Rfc8 25. Rxc8 Rxc8 26.
Be2 Nc5 27. f3 a6 28. Ne7 Rd8 29. Ncd5 f5 30. Rc1 Nd7 31. Rd1 Kf7 32. Rc1 Nf8
33. Rc7 Rd7 34. Rxd7 Bxd7 35. exf5 gxf5 36. Bd3 f4 37. Kf2 h6 38. Ke2 Ne6 39.
Nf5 h5 40. Nd6+ Kg7 41. Nc4 Nd4+ 42. Kd2 Nc6 43. Be4 Be6 44. Kc3 Kf8 45. Ndb6
Ke7 46. Bxc6 bxc6 47. Nxe5 Bxa2 48. Ng6+ Kd6 49. Nxf4 Bf7 50. Nc4+ Kc5 51. Nd3+
Kd5 52. Nde5 Be6 53. h4 Kc5 54. g4 hxg4 55. fxg4 1-0

[Event "Flint (MI Senior/2/2)"]
[Site "?"]
[Date "1995.??.??"]
[Round "?"]
[White "Carr, J."]
[Black "LaForge, Tom"]
[Result "0-1"]
[WhiteElo "1730"]
[BlackElo "1950"]
[PlyCount "64"]
[EventDate "1995.??.??"]

{2/(2)} 1. c4 c5 2. Nc3 Nf6 3. g3 d5 4. cxd5 Nxd5 5. Bg2 Nc7 6. e3 g6 7. Nge2
Bg7 8. O-O O-O 9. d4 cxd4 10. exd4 Nd7 11. Be3 Nb6 12. Rc1 Ncd5 13. Nxd5 Nxd5
14. Bxd5 Qxd5 15. Nc3 Qa5 16. Qe2 Bd7 17. Rfd1 Rac8 18. a3 Rfd8 19. f3 Bc6 20.
Qf2 Qf5 21. Kg2 b6 22. Ne2 g5 23. h3 h5 24. Ng1 g4 25. h4 Bb7 26. Rxc8 Rxc8 27.
Rd2 Qd5 28. Qe2 Rc1 29. Rd1 gxf3+ 30. Nxf3 Qxf3+ 31. Qxf3 Bxf3+ 32. Kxf3 Rxd1
0-1

[Event "Ann Arbor (HVA/4/10)"]
[Site "?"]
[Date "1995.??.??"]
[Round "?"]
[White "Carlisle, S."]
[Black "Smalec, Joseph"]
[Result "1/2-1/2"]
[WhiteElo "1605"]
[BlackElo "1605"]
[PlyCount "61"]
[EventDate "1995.??.??"]

{4/(10)} 1. d4 d5 2. c4 Nf6 3. Nc3 dxc4 4. e4 Bg4 5. Nf3 e6 6. Bxc4 Nc6 7. Bb5
Bb4 8. Bd2 O-O 9. Bxc6 bxc6 10. O-O h6 11. h3 Bh5 12. Rc1 Bxc3 13. Bxc3 Nxe4
14. Qd3 Nxc3 15. Rxc3 Rb8 16. b3 Qd5 17. Rc5 Bg6 18. Qc3 Qd7 19. Rxc6 Rfc8 20.
Ne5 Qe7 21. Re1 Qa3 22. Qd2 Bf5 23. Rec1 Qe7 24. Qc3 Be4 25. f3 Bxc6 26. Nxc6
Qa3 27. Ne7+ Kh8 28. Nxc8 Rxc8 29. Qe3 Qxa2 30. Qe4 Qb2 31. Rb1 1/2-1/2